| 000 | 00494nam a2200181Ia 4500 | ||
|---|---|---|---|
| 999 |
_c9730 _d9730 |
||
| 003 | OSt | ||
| 005 | 20191223120310.0 | ||
| 008 | 190216s9999||||xx |||||||||||||| ||und|| | ||
| 040 | _coclc | ||
| 082 |
_a336 _bSUN/P |
||
| 100 |
_aSundharam, K P M _9501 |
||
| 245 | 0 |
_aPublic Finance / _cK P M Sundharam |
|
| 250 | _a16th ed. | ||
| 260 |
_bSulthan Chand And Sons, _aNew Delhi: _c1986. |
||
| 300 | _a192p | ||
| 650 | _aEconomics | ||
| 942 |
_cBK _2ddc _h336 _iSUN/P _k336 _mSUN/P |
||